|
|
|
|
| LEADER |
00000nab a2200000 a 4500 |
| 001 |
vtls000637824 |
| 003 |
SK-MaSNL |
| 005 |
20260426025653.0 |
| 008 |
160401c1997 xo 0 ukr |
| 015 |
|
|
|a SNBRB19rr/mm-uuuuu
|
| 035 |
|
|
|a CL0637963
|
| 040 |
|
|
|a SNKBUCL
|b slo
|c SNKBUCL
|e AACR2
|
| 041 |
0 |
|
|a ukr
|
| 044 |
|
|
|a xo
|c SK
|
| 080 |
|
|
|a 784.4(=875)
|2 1981
|
| 100 |
1 |
|
|a Vasylenko, Štefan
|4 aut
|9 901330
|
| 245 |
1 |
0 |
|a Staronove partnerstvo v spivi sja obnovylo
|c Štefan Vasylenko, Anna Kuzmjakova
|
| 300 |
|
|
|b Fotogr. 1
|
| 650 |
0 |
7 |
|a piesne ľudové rusínske
|2 snkbucl
|9 901331
|
| 651 |
|
7 |
|a Slovensko východné
|2 snkbucl
|9 161134
|
| 655 |
|
7 |
|a články z novín a časopisov
|2 snkbucl
|9 267496
|
| 700 |
1 |
|
|a Kuzmiaková, Anna,
|d 1949-
|4 aut
|9 210981
|
| 773 |
0 |
|
|t Narodny novynky
|g Roč. 7, č. 19-20 (1997), s. 3
|
| 850 |
|
|
|a Slovenská národná knižnica v Martine
|a POA001
|
| 852 |
|
|
|a SNK
|b KIS3GCP
|
| 958 |
|
|
|a RN
|
| 958 |
|
|
|a SK
|
| 958 |
|
|
|a RK
|
| 958 |
|
|
|a RBX
|
| 999 |
|
|
|c 1428321
|d 1430251
|